• 首页
  • 本馆介绍
  • 公告通知
  • 最新文献
  • 馆藏检索
  • 电子资源
  • 读者导购
  • 参考咨询
  • 我的图书馆
  • 登录
  • 详细信息显示
  • 放入我的书架
  • 预约/预借图书
  • 作者相关作品
  • 分类相关作品
  • 丛书相关作品
  • 出版社相关作品

书目信息

  • 表格格式
  • 工作单格式
  • 卡片格式
题名:
数学学科教育学
    
 
作者: 周春荔 , 张景斌 著
分册:  
出版信息: 北京   首都师范大学出版社  2000.01
页数: 344页
开本: 32开
丛书名:
单 册:
中图分类: O1-42
科图分类:
主题词: 数学
电子资源:
ISBN: 7-81064-146-8
000 00586nam0 2200205 45
001 0203201436
005 20031219104053.7
010    @a7-81064-146-8@dCNY22.50
100    @a20020320d2000 km y0chiy0120 ea
101 0  @achi
105    @a z 000yy
200 1  @a数学学科教育学@AShu Xue Xue Ke Jiao Yu Xue@f周春荔,张景斌著@FZhou Chun Li,Zhang Jing Bin Zhu
210    @a北京@c首都师范大学出版社@d2000.01
215    @a344页@d32开
606 0  @a数学
690    @aO1-42@v4
701    @a周春荔@4著
701  0 @a张景斌@4著
801    @aCN@bTSTC@c20020320
905    @b306543-552@dO1-42@e215@f10
    
    数学学科教育学/周春荔,张景斌著.-北京:首都师范大学出版社,2000.01
    344页;32开
    
    
    ISBN 7-81064-146-8:CNY22.50
    
●
相关链接 在E读中查询图书 在五车中查询图书 在当当中查询图书 在豆瓣中查询图书


正题名:数学学科教育学     索取号:O1-42/215         预约/预借

序号 登录号 条形码 馆藏地/架位号 状态 备注
1 0306543   203065431   第三借阅区/ [索取号:O1-42/215] 在馆    
2 0306544   203065440   第三借阅区/ [索取号:O1-42/215] 在馆    
3 0306545   203065459   第三借阅区/ [索取号:O1-42/215] 在馆    
4 0306546   203065468   第三借阅区/ [索取号:O1-42/215] 在馆    
5 0306547   203065477   第三借阅区/ [索取号:O1-42/215] 在馆    
6 0306548   203065486   第三借阅区/ [索取号:O1-42/215] 在馆    
7 0306549   203065495   第三借阅区/ [索取号:O1-42/215] 在馆    
8 0306550   203065501   第三借阅区/ [索取号:O1-42/215] 在馆    
9 0306551   203065510   第三借阅区/ [索取号:O1-42/215] 在馆    
10 0306552   203065529   第二样本阅览室/ [索取号:O1-42/215] 在馆    
唐山师范学院图书馆 欢迎您!
大连网信软件有限公司© 版权所有